Jugadores Arabia Saudita - Estadísticas

Estadísticas generales
  • Esta prueba ha sido intentada 3 veces
  • La puntuación promedio es 2 de 20
Estadísticas de respuestas
Imagen Respuesta % Correcto
Al Dawsari
100%
Abdulhamid
67%
Kanno
33%
Al Amri
0%
Al Amri
0%
Al Birekan
0%
Al Bulayhi
0%
Al Ghannam
0%
Al Harbi
0%
Al Juwayr
0%
Al Khaibari
0%
Al Khaibari
0%
Al Owais
0%
Al Shahrani
0%
Al Shehri
0%
Ghareeb
0%
Lajami
0%
Majrashi
0%
Sharahili
0%
Tambakti
0%
No se encontraron pruebas coincidentes
Distribución de puntuación
Porcentaje de gente con cada puntuación
Porcentaje por número respondido
Historial de tus puntuaciones
No has intentado esta prueba.